Southville International School and Colleges
Your cart is empty.
  • Cart
  • Lists
    Public lists Eva Luna New books Lux_list list_1
    Your lists Log in to create your own lists
  • Log in to your account
  • Your cookies
  • Search history
Southville International School and Colleges
  • Advanced search
  • Recent comments
  • Most popular
  • Libraries

Log in to your account

Log in with GOOGLE


If you do not have an external account, but do have a local account, you can still log in:

  1. Home
  2. MARC view: Making technology work for learners with special needs:
Normal view MARC view ISBD view

Making technology work for learners with special needs: (Record no. 21645)

[ view plain ]
MARC details
000 -LEADER
fixed length control field 00721nam a2200205 a 4500
005 - DATE AND TIME OF LATEST TRANSACTION
control field 20140310183334.0
008 - FIXED-LENGTH DATA ELEMENTS--GENERAL INFORMATION
fixed length control field 060908s19uu xx 00 eng d
020 ## - INTERNATIONAL STANDARD BOOK NUMBER
International Standard Book Number 0205407455
050 ## - LIBRARY OF CONGRESS CALL NUMBER
Classification number LC 4024
Item number .Ul56 2005
100 ## - MAIN ENTRY--PERSONAL NAME
Personal name Ulman, Jean G.
245 ## - TITLE STATEMENT
Title Making technology work for learners with special needs:
Remainder of title practical skills for teachers./
260 ## - PUBLICATION, DISTRIBUTION, ETC. (IMPRINT)
Place of publication, distribution, etc Boston :
Name of publisher, distributor, etc Pearson Education, Inc,
Date of publication, distribution, etc 2005.
300 ## - PHYSICAL DESCRIPTION
Extent 225 p. :
Other physical details ill. ;
Dimensions 26 cm.
521 ## - TARGET AUDIENCE NOTE
Target audience note
650 ## - SUBJECT ADDED ENTRY--TOPICAL TERM
Topical term or geographic name as entry element Children with disabilities
General subdivision Education
-- Computer-Assisted instruction.
650 ## - SUBJECT ADDED ENTRY--TOPICAL TERM
Topical term or geographic name as entry element Special education
General subdivision United States
-- Computer-Assisted instruction.
650 ## - SUBJECT ADDED ENTRY--TOPICAL TERM
Topical term or geographic name as entry element Computer-Assisted instruction.
942 ## - ADDED ENTRY ELEMENTS (KOHA)
Koha item type Books
Source of classification or shelving scheme Library of Congress Classification
Call number prefix Foreign
Holdings
Withdrawn status Lost status Source of classification or shelving scheme Damaged status Home library Current library Shelving location Date acquired Total Checkouts Full call number Barcode Date last seen Date checked out Copy number Price effective from Koha item type
    Library of Congress Classification   College Library College Library General Circulation Section 01/15/2014 1 LC 4024 .Ul56 2005 C7614 03/03/2020 02/18/2020 1 01/15/2014 Books

Making technology work for learners with special needs:

APA

Ulman J. G., . (2005). Making technology work for learners with special needs. Boston: Pearson Education, Inc.

Chicago

Ulman Jean G, . 2005. Making technology work for learners with special needs. Boston: Pearson Education, Inc.

Harvard

Ulman J. G., . (2005). Making technology work for learners with special needs. Boston: Pearson Education, Inc.

MLA

Ulman Jean G, . Making technology work for learners with special needs. Boston: Pearson Education, Inc. 2005.

  • Place hold
  • Print
  • Cite
  • Add to your cart (remove)
  • Save record
    BIBTEX Dublin Core MARCXML MARC (non-Unicode/MARC-8) MARC (Unicode/UTF-8) MARC (Unicode/UTF-8, Standard) MODS (XML) RIS
  • More searches
    Search for this title in:
    Other Libraries (WorldCat) Other Databases (Google Scholar) Online Stores (Bookfinder.com) Open Library (openlibrary.org)

Exporting to Dublin Core...

SOUTHVILLE LIBRARY

Southville International School and Colleges Library

1281 Tropical Ave. Cor. Luxembourg St., BF Homes International, Las Pinas City

Tel. No. 8256374 / 252358 Loc. 117/146

Powered by Koha